000 00586nam a2200157Ia 4500
001 22406
003 GE_BSU
008 181216s||||||||xx |||||||||||||| ||und||
040 _cGE_BSU
245 _aМировая экономика и международные отношения Том 61, №12. Декабрь 2017
245 _cГл.ред.А.В Рябов.
653 _aМировая экономика и международные отношения Том 61, №12. Декабрь 2017
653 _aПериодика
653 _aპერიოდიკა
942 _cCR
999 _c55328
_d55328